000 00355 a2200145 4500
001 176785
020 _a
040 _cMagnum
100 _aMurad, Jose Elias
240 1 0 _aComo manter sua escola longe das drogas
_lpor
245 1 0 _aComo manter sua escola longe das drogas
362 0 _a1899
697 _aMAGNITO: CIENCIAS MEDICAS SAUD
942 _cBK
999 _c176785
_d176785